[Event "Open SSC Rostock 07 - 2009"]
[Site "Rostock"]
[Date "2009.08.29"]
[Round "6.21"]
[White "Schreiber, Felix"]
[Black "Richter, Ruediger"]
[Result "0-1"]
[WhiteElo "1528"]
[BlackElo "1846"]
[PlyCount "26"]
[EventDate "2009.08.27"]
[EventType "swiss"]
[EventRounds "7"]
[EventCountry "GER"]
[Source "Th. Schwetlick"]
[SourceDate "2009.08.27"]
[WhiteTeam "SC Mecklenburger Springer"]
[BlackTeam "SVG Friedrichsort"]

1. d4 d5 2. Bf4 Nc6 3. e3 a6 4. Bd3 Nf6 5. Nd2 Bg4 6. Ngf3 e6 7. h3 Bh5 8. c3
Bd6 9. Qb3 O-O 10. Qxb7 Na5 11. Qxa6 Rxa6 12. Bxa6 Bxf4 13. exf4 Qd6 0-1

[Event "Open SSC Rostock 07 - 2009"]
[Site "Rostock"]
[Date "2009.08.29"]
[Round "6.22"]
[White "Schreiber, Nico"]
[Black "Feilcke, Samuel"]
[Result "1-0"]
[WhiteElo "1844"]
[BlackElo "941"]
[PlyCount "61"]
[EventDate "2009.08.27"]
[EventType "swiss"]
[EventRounds "7"]
[EventCountry "GER"]
[Source "Th. Schwetlick"]
[SourceDate "2009.08.27"]
[WhiteTeam "SC Mecklenburger Springer"]

1. d4 d5 2. Bf4 Nf6 3. e3 Bf5 4. c4 c6 5. Nc3 e6 6. c5 b6 7. b4 Nbd7 8. Bd3
Bxd3 9. Qxd3 Nh5 10. Nge2 Nxf4 11. Nxf4 e5 12. Nfe2 g6 13. O-O Bg7 14. e4 exd4
15. Nxd4 bxc5 16. Nxc6 Qf6 17. Qxd5 Qxc3 18. Rad1 O-O 19. Qxd7 cxb4 20. Rc1 Qa3
21. Qd5 a5 22. e5 Rfe8 23. Rfe1 Re6 24. Ne7+ Rxe7 25. Qxa8+ Bf8 26. Rc8 Kg7 27.
Rxf8 Rxe5 28. Rg8+ Kh6 29. Rd1 Qd3 30. Qf8+ Kh5 31. g4+ 1-0

[Event "Open SSC Rostock 07 - 2009"]
[Site "Rostock"]
[Date "2009.08.29"]
[Round "6.23"]
[White "Jaehn, Janis"]
[Black "Friedel, Roland"]
[Result "1/2-1/2"]
[WhiteElo "1461"]
[BlackElo "1757"]
[PlyCount "55"]
[EventDate "2009.08.27"]
[EventType "swiss"]
[EventRounds "7"]
[EventCountry "GER"]
[Source "Th. Schwetlick"]
[SourceDate "2009.08.27"]
[WhiteTeam "SF Schwerin"]
[BlackTeam "SSC Rostock 07"]

1. e4 e6 2. d4 d5 3. exd5 exd5 4. Bd3 Nf6 5. Ne2 Bg4 6. O-O Be7 7. f3 Bh5 8.
Ng3 Bg6 9. Nf5 Bxf5 10. Bxf5 O-O 11. Re1 c6 12. c3 Qc7 13. Bg5 Ng4 14. Bxg4
Bxg5 15. Bf5 g6 16. Bc2 Nd7 17. Qd3 Rae8 18. Nd2 Nf6 19. g3 Nh5 20. Kf2 Bh4 21.
Nf1 Bg5 22. Nd2 Nf4 23. Qf1 Nh5 24. Qd3 Qd7 25. Kg2 Bf4 26. Rad1 Qc7 27. Nf1
Qd7 28. Nd2 1/2-1/2

[Event "Open SSC Rostock 07 - 2009"]
[Site "Rostock"]
[Date "2009.08.29"]
[Round "6.25"]
[White "Goldmund, Heike"]
[Black "Losch, Marika"]
[Result "0-1"]
[WhiteElo "1027"]
[BlackElo "1331"]
[PlyCount "52"]
[EventDate "2009.08.27"]
[EventType "swiss"]
[EventRounds "7"]
[EventCountry "GER"]
[Source "Th. Schwetlick"]
[SourceDate "2009.08.27"]
[WhiteTeam "SV Wartburgstadt Eisenach"]

1. b4 e5 2. Bb2 d6 3. Nf3 Be7 4. e3 Bf6 5. d3 e4 6. Nd4 c5 7. Ne6 Bxe6 8. Bxf6
Qxf6 9. c3 cxb4 10. Qa4+ Nc6 11. Qc2 d5 12. dxe4 dxe4 13. Bb5 Nge7 14. O-O O-O
15. a3 bxc3 16. Nxc3 Qg6 17. Rfd1 f5 18. Rab1 Ne5 19. Be2 b6 20. Nb5 f4 21.
exf4 Rxf4 22. Rd6 Raf8 23. Kf1 Rxf2+ 24. Ke1 Nd3+ 25. Kd2 Qg5+ 26. Kc3 Rc8+ 0-1

[Event "Open SSC Rostock 07 - 2009"]
[Site "Rostock"]
[Date "2009.08.30"]
[Round "7.1"]
[White "Tomczak, Jacek"]
[Black "Tomczak, Rafal"]
[Result "1/2-1/2"]
[WhiteElo "2447"]
[BlackElo "2345"]
[PlyCount "41"]
[EventDate "2009.08.27"]
[EventType "swiss"]
[EventRounds "7"]
[EventCountry "GER"]
[Source "Th. Schwetlick"]
[SourceDate "2009.08.27"]
[WhiteTeam "SSC Rostock 07"]
[BlackTeam "SSC Rostock 07"]

1. e4 c5 2. Nf3 d6 3. c3 Nf6 4. d3 g6 5. g3 Bg7 6. Bg2 O-O 7. O-O Nc6 8. Re1 a6
9. Nbd2 Nd7 10. Nf1 b5 11. d4 Bb7 12. d5 Na5 13. Qc2 Nc4 14. Ne3 Nxe3 15. Bxe3
a5 16. a4 b4 17. c4 Ba6 18. Rab1 h6 19. b3 Kh7 20. Rbd1 Qc7 21. Bc1 1/2-1/2

[Event "Open SSC Rostock 07 - 2009"]
[Site "Rostock"]
[Date "2009.08.30"]
[Round "7.3"]
[White "Steinhagen, Bernd"]
[Black "Szelag, Marcin"]
[Result "0-1"]
[WhiteElo "2318"]
[BlackElo "2466"]
[PlyCount "240"]
[EventDate "2009.08.27"]
[EventType "swiss"]
[EventRounds "7"]
[EventCountry "GER"]
[Source "Th. Schwetlick"]
[SourceDate "2009.08.27"]
[WhiteTeam "SC Rotation Pankow"]
[BlackTeam "SSC Rostock 07"]

1. c4 g6 2. Nc3 Bg7 3. g3 Nf6 4. Bg2 O-O 5. d3 d6 6. Nf3 e5 7. O-O h6 8. Rb1 a5
9. a3 Re8 10. Nd2 c6 11. b4 axb4 12. axb4 d5 13. Bb2 Be6 14. Ra1 Rxa1 15. Qxa1
Qb6 16. cxd5 cxd5 17. Na4 Qxb4 18. Bc3 Qe7 19. Bxe5 Nc6 20. Bxf6 Bxf6 21. Qb1
Ra8 22. Nb6 Ra1 23. Qb3 Nd4 24. Nxd5 Rxf1+ 25. Nxf1 Nxb3 26. Nxe7+ Bxe7 27.
Bxb7 Nc1 28. Bf3 Bb4 29. Ne3 Bc5 30. Ng4 Kg7 31. Ne5 Kf6 32. Nc6 Bd7 33. Na5
Ke5 34. Kf1 Kd4 35. Nc6+ Kc3 36. Ke1 Kc2 37. h4 f6 38. d4 Bxc6 39. Bxc6 Bb4+
40. Kf1 Kd2 41. e3 Bd6 42. Be8 g5 43. hxg5 fxg5 44. g4 Bc7 45. Bd7 Nd3 46. Bc8
Ne1 47. Bd7 Nf3 48. Kg2 Ne1+ 49. Kf1 Bb6 50. Bc8 Ba5 51. Bd7 Bc3 52. Bc8 Kd1
53. Ba6 Nc2 54. Be2+ Kc1 55. Ba6 Kd2 56. Bb5 Nb4 57. Bd7 Bb2 58. Bc8 Nd5 59.
Be6 Nc3 60. Bc8 Kd1 61. Be6 Bc1 62. Bb3+ Kd2 63. Be6 Ne4 64. Bd7 Nd6 65. Be6
Kd3 66. Bd7 Bd2 67. Be6 Bc3 68. Bd7 Kd2 69. Be6 Ne4 70. Bf5 Nf6 71. Be6 Bb2 72.
Bf5 Kd1 73. Be6 Bc3 74. Bf5 Be1 75. Bd3 Kd2 76. Bf5 Kd1 77. Be6 Ne4 78. Bb3+
Kd2 79. f4 Ng3+ 80. Kg2 Kxe3 81. fxg5 hxg5 82. d5 Ne4 83. Bd1 Bb4 84. Bc2 Nf6
85. Bf5 Nxd5 86. Bc8 Kf4 87. Kh3 Nf6 88. Be6 Ne4 89. Bc8 Nf2+ 90. Kg2 Nxg4 91.
Bd7 Ne3+ 92. Kh3 Nf5 93. Kg2 Bc5 94. Bc8 g4 95. Bb7 Kg5 96. Bc6 Kh4 97. Bd7
Ne3+ 98. Kg1 Kg3 99. Bxg4 Nxg4+ 100. Kh1 Bb4 101. Kg1 Nf2 102. Kf1 Kf3 103. Kg1
Bd6 104. Kf1 Bh2 105. Ke1 Ne4 106. Kf1 Nd2+ 107. Ke1 Ke3 108. Kd1 Bg3 109. Kc2
Be5 110. Kd1 Kd3 111. Ke1 Bg3+ 112. Kd1 Bf2 113. Kc1 Nc4 114. Kd1 Nb2+ 115. Kc1
Kc3 116. Kb1 Kb3 117. Kc1 Be3+ 118. Kb1 Bf4 119. Ka1 Nc4 120. Kb1 Na3+ 0-1

[Event "Open SSC Rostock 07 - 2009"]
[Site "Rostock"]
[Date "2009.08.30"]
[Round "7.4"]
[White "Schulz, Michael"]
[Black "Kliewe, Hans Juergen"]
[Result "1-0"]
[WhiteElo "2268"]
[BlackElo "2120"]
[PlyCount "67"]
[EventDate "2009.08.27"]
[EventType "swiss"]
[EventRounds "7"]
[EventCountry "GER"]
[Source "Th. Schwetlick"]
[SourceDate "2009.08.27"]
[WhiteTeam "SC Zitadelle Spandau 1977"]
[BlackTeam "ASV Gruen-Weiss Wismar"]

1. d4 d5 2. Bg5 c6 3. Nd2 Qb6 4. e3 Bf5 5. Bd3 Bg6 6. Ngf3 Nd7 7. O-O Ngf6 8.
Bxf6 Nxf6 9. Ne5 Bh5 10. f3 e6 11. c4 Be7 12. c5 Qc7 13. b4 a6 14. a4 O-O 15.
Qc2 Bg6 16. Bxg6 hxg6 17. Rfb1 Nd7 18. Nxd7 Qxd7 19. Ra2 Bf6 20. Qd3 e5 21.
dxe5 Bxe5 22. f4 Bf6 23. e4 Qg4 24. exd5 Qxf4 25. d6 Rfe8 26. Nf3 Re3 27. Qd1
Re4 28. Qd2 Qxd2 29. Nxd2 Rf4 30. Nf3 Bc3 31. Re2 Bxb4 32. d7 Bxc5+ 33. Kf1 Kf8
34. Rbe1 1-0

[Event "Open SSC Rostock 07 - 2009"]
[Site "Rostock"]
[Date "2009.08.30"]
[Round "7.5"]
[White "Peschel, Andreas"]
[Black "Giese, Guido"]
[Result "1-0"]
[WhiteElo "2191"]
[BlackElo "2015"]
[PlyCount "147"]
[EventDate "2009.08.27"]
[EventType "swiss"]
[EventRounds "7"]
[EventCountry "GER"]
[Source "Th. Schwetlick"]
[SourceDate "2009.08.27"]
[WhiteTeam "SG Solingen"]
[BlackTeam "TSG Neuruppin"]

1. d4 Nf6 2. c4 g6 3. Nc3 Bg7 4. e4 d6 5. f4 O-O 6. Nf3 c5 7. d5 e6 8. Be2 exd5
9. cxd5 Bg4 10. O-O Bxf3 11. Bxf3 Nbd7 12. Re1 Re8 13. Be3 a6 14. a4 Rc8 15.
Qc2 c4 16. Kh1 Nc5 17. Bxc5 Rxc5 18. e5 dxe5 19. fxe5 Nd7 20. Ne4 Rxd5 21. Nd6
Rdxe5 22. Nxe8 Qxe8 23. Rxe5 Qxe5 24. Qxc4 Qxb2 25. Rf1 Ne5 26. Qc8+ Bf8 27.
Qxb7 Qxb7 28. Bxb7 a5 29. g3 Kg7 30. Kg2 Bb4 31. Rc1 h5 32. h3 Bd6 33. Rc8 Kf6
34. Ra8 Bc7 35. Kf2 Bb6+ 36. Ke2 Ke7 37. Ra6 Bc7 38. Ke3 Nd7 39. Kd4 Nb8 40.
Ra8 Nd7 41. g4 hxg4 42. hxg4 f5 43. g5 Nf8 44. Bd5 Nh7 45. Ra7 Kd8 46. Kc5 Nxg5
47. Kc6 Bg3 48. Rxa5 f4 49. Bg2 Nf7 50. Rd5+ Ke7 51. Bf3 Kf6 52. Kb7 Ne5 53.
Bd1 f3 54. Bxf3 Nxf3 55. Rd3 Be1 56. Rxf3+ Kg5 57. Re3 Bd2 58. Rd3 Be1 59. Kc6
Kf4 60. Rd8 g5 61. Rf8+ Ke3 62. Re8+ Kf2 63. Rg8 Bd2 64. Kd5 Kf3 65. Rf8+ Kg2
66. Ke4 g4 67. Rd8 Ba5 68. Rd5 Bc7 69. a5 g3 70. a6 Bb6 71. Rd2+ Kh1 72. Kf3
Bf2 73. Rxf2 g2 74. Ke2 1-0

[Event "Open SSC Rostock 07 - 2009"]
[Site "Rostock"]
[Date "2009.08.30"]
[Round "7.6"]
[White "Eichstaedt, Enrico"]
[Black "Kathstede, Gerd"]
[Result "1/2-1/2"]
[WhiteElo "1890"]
[BlackElo "2147"]
[PlyCount "39"]
[EventDate "2009.08.27"]
[EventType "swiss"]
[EventRounds "7"]
[EventCountry "GER"]
[Source "Th. Schwetlick"]
[SourceDate "2009.08.27"]
[WhiteTeam "SC Neukloster"]
[BlackTeam "Hervest-Dorstener SK"]

1. e4 c5 2. c3 g6 3. d4 cxd4 4. cxd4 d5 5. exd5 Nf6 6. Nc3 Nxd5 7. Nf3 Bg7 8.
Be2 O-O 9. O-O Nc6 10. Qb3 Nb6 11. Rd1 Bg4 12. Be3 Bxf3 13. Bxf3 Nxd4 14. Bxd4
Bxd4 15. Ne2 e5 16. Nxd4 exd4 17. Qb4 Rb8 18. Rxd4 Qc7 19. Rad1 Rfd8 20. Rxd8+
1/2-1/2

[Event "Open SSC Rostock 07 - 2009"]
[Site "Rostock"]
[Date "2009.08.30"]
[Round "7.7"]
[White "Welz, Peter"]
[Black "Kugler, Florian"]
[Result "0-1"]
[WhiteElo "2101"]
[BlackElo "2042"]
[PlyCount "110"]
[EventDate "2009.08.27"]
[EventType "swiss"]
[EventRounds "7"]
[EventCountry "GER"]
[Source "Th. Schwetlick"]
[SourceDate "2009.08.27"]
[WhiteTeam "SV Empor Berlin"]
[BlackTeam "SC Neukloster"]

1. e4 e6 2. d4 d5 3. e5 c5 4. dxc5 Nc6 5. Nf3 Bxc5 6. Bf4 Qb6 7. Bg3 Nge7 8.
Bd3 Nb4 9. Be2 Nf5 10. O-O Nxg3 11. hxg3 Nc6 12. Qc1 Nd4 13. Bd3 Nxf3+ 14. gxf3
Bd4 15. Nc3 Bxe5 16. Nxd5 Qc5 17. Ne3 Bd7 18. f4 Bf6 19. c3 Bc6 20. Qc2 O-O-O
21. Rad1 h5 22. Be4 Rxd1 23. Rxd1 h4 24. g4 g5 25. f5 Be5 26. fxe6 fxe6 27.
Bxc6 Qxc6 28. Qg6 h3 29. Nd5 h2+ 30. Kh1 exd5 31. Qf5+ Kd8 32. Qxg5+ Bf6 33.
Rxd5+ Ke7 34. Qe3+ Qe6 35. Rd3 Qxe3 36. Rxe3+ Kf7 37. f4 Bd8 38. Re2 Bc7 39.
Rxh2 Rxh2+ 40. Kxh2 Bxf4+ 41. Kg2 Ke6 42. Kf3 Bc1 43. b3 Ke5 44. a4 Bd2 45. c4
a5 46. Ke2 Bb4 47. Kd3 b6 48. g5 Bf8 49. g6 Kf6 50. Ke4 Kxg6 51. Kd5 Bc5 52.
Kc6 Kf5 53. b4 axb4 54. a5 bxa5 55. Kxc5 b3 0-1

[Event "Open SSC Rostock 07 - 2009"]
[Site "Rostock"]
[Date "2009.08.30"]
[Round "7.8"]
[White "Wolf, Christoph"]
[Black "Friedel, Marcus"]
[Result "1/2-1/2"]
[WhiteElo "1963"]
[BlackElo "2142"]
[PlyCount "27"]
[EventDate "2009.08.27"]
[EventType "swiss"]
[EventRounds "7"]
[EventCountry "GER"]
[Source "Th. Schwetlick"]
[SourceDate "2009.08.27"]
[WhiteTeam "SC Neukloster"]
[BlackTeam "SK 1926 Ettlingen"]

1. e4 e5 2. Nf3 Nc6 3. d4 exd4 4. Bc4 Bc5 5. c3 Nf6 6. e5 d5 7. Bb5 Ne4 8. cxd4
Bb6 9. Nc3 O-O 10. O-O Bg4 11. Bxc6 bxc6 12. Re1 Nxc3 13. bxc3 Re8 14. Qd3
1/2-1/2

[Event "Open SSC Rostock 07 - 2009"]
[Site "Rostock"]
[Date "2009.08.30"]
[Round "7.9"]
[White "Leisner, Hannes"]
[Black "Vladov, Mark"]
[Result "0-1"]
[WhiteElo "2021"]
[BlackElo "1651"]
[PlyCount "69"]
[EventDate "2009.08.27"]
[EventType "swiss"]
[EventRounds "7"]
[EventCountry "GER"]
[Source "Th. Schwetlick"]
[SourceDate "2009.08.27"]
[WhiteTeam "Greifswalder SV"]
[BlackTeam "SF Ostsee Warnemuende"]

1. e4 e5 2. Nf3 Nc6 3. d4 exd4 4. Nxd4 d6 5. Nc3 Nf6 6. b3 g6 7. Bb2 Bg7 8. Qd2
Nxd4 9. Qxd4 O-O 10. O-O-O Qe7 11. Nd5 Qe5 12. Qxe5 dxe5 13. Nxc7 Nxe4 14. Nxa8
Bf5 15. Bd3 Rxa8 16. Bxe4 Bxe4 17. f3 Bc6 18. Rhe1 f6 19. c4 a5 20. Rd3 Kf7 21.
Red1 Ke8 22. Kc2 Bf8 23. Re1 Kf7 24. Bc1 a4 25. Kb1 Rc8 26. Bd2 Be8 27. Rd1 Be7
28. Kb2 f5 29. Bc3 a3+ 30. Kb1 b5 31. Bxe5 bxc4 32. Rc3 Ke6 33. f4 Bb5 34. bxc4
Bxc4 35. Rdc1 0-1

[Event "Open SSC Rostock 07 - 2009"]
[Site "Rostock"]
[Date "2009.08.30"]
[Round "7.10"]
[White "Weber, Max"]
[Black "Schreiber, Kevin"]
[Result "1/2-1/2"]
[WhiteElo "1894"]
[BlackElo "1593"]
[PlyCount "46"]
[EventDate "2009.08.27"]
[EventType "swiss"]
[EventRounds "7"]
[EventCountry "GER"]
[Source "Th. Schwetlick"]
[SourceDate "2009.08.27"]
[WhiteTeam "SSC Rostock 07"]
[BlackTeam "SC Mecklenburger Springer"]

1. d4 d5 2. Nf3 Nf6 3. e3 c6 4. Bd3 Bg4 5. Nbd2 Nbd7 6. O-O e5 7. dxe5 Nxe5 8.
Be2 Ng6 9. b3 Be7 10. Bb2 O-O 11. c4 Be6 12. Qc2 Qb6 13. Rfd1 Rad8 14. Rac1 Nd7
15. cxd5 Bxd5 16. Nc4 Bxc4 17. Bxc4 Bf6 18. Bxf6 Nxf6 19. h3 Qa5 20. Qb2 Nd5
21. Nd4 Nb6 22. Be2 Rfe8 23. b4 Qe5 1/2-1/2

[Event "Open SSC Rostock 07 - 2009"]
[Site "Rostock"]
[Date "2009.08.30"]
[Round "7.11"]
[White "Porsch, Harald"]
[Black "Luther, Alexander"]
[Result "1-0"]
[WhiteElo "2196"]
[BlackElo "1689"]
[PlyCount "119"]
[EventDate "2009.08.27"]
[EventType "swiss"]
[EventRounds "7"]
[EventCountry "GER"]
[Source "Th. Schwetlick"]
[SourceDate "2009.08.27"]
[WhiteTeam "SC Rotation Pankow"]
[BlackTeam "SSC Rostock 07"]

1. c4 e5 2. Nc3 Nf6 3. d3 Be7 4. Nf3 Nc6 5. e3 O-O 6. Be2 d6 7. O-O Bg4 8. d4
exd4 9. Nxd4 Bxe2 10. Ndxe2 Ne5 11. b3 c6 12. Bb2 Ng6 13. Ng3 Re8 14. Qd4 Bf8
15. Rad1 Qc7 16. Nf5 b6 17. Rd2 Rad8 18. Rfd1 d5 19. cxd5 Nxd5 20. Qc4 Nxc3 21.
Qxc3 Rxd2 22. Rxd2 f6 23. Qc4+ Kh8 24. Qd3 Ne5 25. Bxe5 Rxe5 26. e4 g6 27. Ne3
Qe7 28. f3 f5 29. Nc4 Re6 30. exf5 Qc5+ 31. Kf1 Qxf5 32. Qc3+ Qf6 33. Qxf6+
Rxf6 34. Rd7 b5 35. Ne5 a5 36. Rd8 Kg7 37. Rc8 c5 38. Nd7 Rf5 39. Nxf8 Rxf8 40.
Rxc5 Rf5 41. Rxf5 gxf5 42. Ke2 Kf6 43. Kd3 Ke5 44. Ke3 a4 45. b4 Kd5 46. Kd3
Ke5 47. g4 fxg4 48. fxg4 Kf4 49. Kd4 Kxg4 50. Kc5 Kh3 51. Kxb5 a3 52. Ka4 Kxh2
53. b5 h5 54. b6 h4 55. b7 h3 56. b8=Q+ Kg2 57. Qb7+ Kg1 58. Kxa3 h2 59. Kb4
h1=Q 60. Qxh1+ 1-0

[Event "Open SSC Rostock 07 - 2009"]
[Site "Rostock"]
[Date "2009.08.30"]
[Round "7.12"]
[White "Hingst, Silke"]
[Black "Zentgraf, Robert"]
[Result "1/2-1/2"]
[WhiteElo "1878"]
[BlackElo "2119"]
[PlyCount "48"]
[EventDate "2009.08.27"]
[EventType "swiss"]
[EventRounds "7"]
[EventCountry "GER"]
[Source "Th. Schwetlick"]
[SourceDate "2009.08.27"]
[WhiteTeam "SSC Rostock 07"]
[BlackTeam "SAV Torgelow-Droegeheide"]

1. e4 c5 2. c3 d5 3. exd5 Qxd5 4. d4 Nc6 5. Nf3 cxd4 6. cxd4 e5 7. Nc3 Bb4 8.
Bd2 Bxc3 9. Bxc3 e4 10. Ne5 Nxe5 11. dxe5 Ne7 12. Be2 Bd7 13. O-O O-O 14. Qc2
Bc6 15. Rfd1 Qe6 16. Rd6 Qf5 17. Qd2 Ng6 18. Qd4 Nf4 19. Bc4 Qg4 20. g3 Qf3 21.
gxf4 e3 22. Bd5 exf2+ 23. Qxf2 Bxd5 24. Qxf3 Bxf3 1/2-1/2

[Event "Open SSC Rostock 07 - 2009"]
[Site "Rostock"]
[Date "2009.08.30"]
[Round "7.13"]
[White "Pererva, Viktor"]
[Black "Hamann, Dirk"]
[Result "1-0"]
[WhiteElo "1637"]
[BlackElo "2048"]
[PlyCount "75"]
[EventDate "2009.08.27"]
[EventType "swiss"]
[EventRounds "7"]
[EventCountry "GER"]
[Source "Th. Schwetlick"]
[SourceDate "2009.08.27"]
[WhiteTeam "SSC Rostock 07"]
[BlackTeam "SF Ostsee Warnemuende"]

1. e4 Nf6 2. e5 Nd5 3. d4 d6 4. Nf3 Bg4 5. c4 Nb6 6. exd6 cxd6 7. Nc3 g6 8. Be2
Bg7 9. Be3 O-O 10. b3 Nc6 11. Rc1 Kh8 12. d5 Bxf3 13. Bxf3 Ne5 14. O-O Nbd7 15.
Be2 Nf6 16. h3 Ne8 17. Re1 f5 18. f4 Nd7 19. Bf3 a6 20. Ne2 Qa5 21. Nd4 Nc7 22.
Rc2 Rab8 23. Rce2 Bf6 24. Bf2 Rfe8 25. Ne6 Nxe6 26. Rxe6 Nc5 27. R6e2 b5 28.
Bd4 Kg7 29. Rxe7+ Kf8 30. Rxe8+ Rxe8 31. Rxe8+ Kxe8 32. Bxf6 Kf7 33. Bd4 bxc4
34. bxc4 Qxa2 35. Qe2 Qb1+ 36. Kh2 Ne4 37. Bxe4 fxe4 38. Qg4 1-0

[Event "Open SSC Rostock 07 - 2009"]
[Site "Rostock"]
[Date "2009.08.30"]
[Round "7.14"]
[White "Wolke, Heiko"]
[Black "Erich, Juergen"]
[Result "1-0"]
[WhiteElo "2012"]
[BlackElo "1873"]
[PlyCount "78"]
[EventDate "2009.08.27"]
[EventType "swiss"]
[EventRounds "7"]
[EventCountry "GER"]
[Source "Th. Schwetlick"]
[SourceDate "2009.08.27"]
[WhiteTeam "SF Ostsee Warnemuende"]
[BlackTeam "TSV Travemuende von 1860"]

1. e4 c5 2. Nf3 e6 3. c3 Qa5 4. Be2 Nc6 5. O-O d6 6. d4 Be7 7. Nbd2 Nf6 8. a4
a6 9. e5 dxe5 10. Nxe5 Qc7 11. Ndc4 Nd5 12. Bh5 O-O 13. Bh6 Nxe5 14. Nxe5 gxh6
15. Qg4+ Bg5 16. h4 Nf6 17. Qe2 Nxh5 18. Qxh5 Bf6 19. Rae1 Bxe5 20. Rxe5 f6 21.
Rxc5 Qf7 22. Qxh6 b6 23. Rc6 Qb7 24. Rd6 Qc7 25. Qf4 Qg7 26. Rxb6 e5 27. Qf3
Ra7 28. d5 Bg4 29. Qe3 Qd7 30. c4 Qxa4 31. b3 Qd7 32. f3 Bf5 33. Rd1 a5 34. c5
Rc8 35. c6 Qd6 36. g4 Rg7 37. Kh1 e4 38. gxf5 Qg3 39. Rd2 Qh3+ 1-0

[Event "Open SSC Rostock 07 - 2009"]
[Site "Rostock"]
[Date "2009.08.30"]
[Round "7.15"]
[White "Celmer, Ole"]
[Black "Jeske, Holger"]
[Result "0-1"]
[WhiteElo "1543"]
[BlackElo "1980"]
[PlyCount "74"]
[EventDate "2009.08.27"]
[EventType "swiss"]
[EventRounds "7"]
[EventCountry "GER"]
[Source "Th. Schwetlick"]
[SourceDate "2009.08.27"]
[WhiteTeam "SSC Rostock 07"]
[BlackTeam "SSC Rostock 07"]

1. e4 g6 2. d4 Bg7 3. Nf3 d6 4. h3 Nf6 5. Nc3 O-O 6. Bf4 c6 7. Qd2 b5 8. Bd3 a6
9. O-O Bb7 10. Rfe1 Nh5 11. Bh6 c5 12. d5 e5 13. a4 b4 14. Ne2 Qc8 15. c4 Nd7
16. b3 Nf4 17. Bxf4 exf4 18. Rab1 Ne5 19. Nxe5 Bxe5 20. f3 Qd8 21. Rf1 Bc8 22.
Qe1 Ra7 23. Kh1 Qg5 24. Rf2 Qh6 25. Qg1 Re7 26. Qh2 f5 27. Kg1 fxe4 28. Bxe4
Bf5 29. Bxf5 Rxf5 30. Kf1 Bf6 31. Nc1 Qf8 32. Re2 Bh4 33. Rbb2 Bg3 34. Qg1 Rfe5
35. Nd3 Re3 36. Nc1 Qf5 37. Rxe3 Rxe3 0-1

[Event "Open SSC Rostock 07 - 2009"]
[Site "Rostock"]
[Date "2009.08.30"]
[Round "7.16"]
[White "Richter, Ruediger"]
[Black "Raessler, Arndt"]
[Result "1/2-1/2"]
[WhiteElo "1846"]
[BlackElo "1839"]
[PlyCount "22"]
[EventDate "2009.08.27"]
[EventType "swiss"]
[EventRounds "7"]
[EventCountry "GER"]
[Source "Th. Schwetlick"]
[SourceDate "2009.08.27"]
[WhiteTeam "SVG Friedrichsort"]
[BlackTeam "ASV Gruen-Weiss Wismar"]

1. e4 e6 2. Nf3 d5 3. Nc3 Nf6 4. e5 Nfd7 5. d4 c5 6. dxc5 Bxc5 7. Bd3 Nc6 8.
Bf4 Qb6 9. O-O a6 10. Na4 Qb4 11. Nxc5 Qxf4 1/2-1/2

[Event "Open SSC Rostock 07 - 2009"]
[Site "Rostock"]
[Date "2009.08.30"]
[Round "7.17"]
[White "Bigalke, Steffen"]
[Black "Hilbert, Stephan Joerg"]
[Result "1-0"]
[WhiteElo "1978"]
[BlackElo "1591"]
[PlyCount "95"]
[EventDate "2009.08.27"]
[EventType "swiss"]
[EventRounds "7"]
[EventCountry "GER"]
[Source "Th. Schwetlick"]
[SourceDate "2009.08.27"]
[WhiteTeam "SAV Torgelow-Droegeheide"]
[BlackTeam "SV Wartburgstadt Eisenach"]

1. e4 c6 2. d4 d5 3. exd5 cxd5 4. Bd3 Nf6 5. c3 e6 6. Nf3 Nc6 7. Bg5 Be7 8.
Nbd2 Bd7 9. h4 Qc7 10. Qe2 h6 11. Bxf6 Bxf6 12. Nb3 O-O-O 13. O-O-O Kb8 14. Kb1
Bc8 15. Rde1 Rd6 16. Ne5 Qe7 17. g3 Re8 18. f4 Bxe5 19. fxe5 Rd7 20. Nd2 Qd8
21. Nf3 Qb6 22. g4 Qd8 23. g5 f5 24. exf6 gxf6 25. gxh6 e5 26. dxe5 Nxe5 27.
Qh2 Qc7 28. Nxe5 Rde7 29. Nd7+ Bxd7 30. Qxc7+ Kxc7 31. Rxe7 Rxe7 32. h7 Re8 33.
Rg1 Be6 34. Rg7+ Kd6 35. Bg6 Rh8 36. Rxb7 a5 37. Kc1 Ke5 38. Kd2 f5 39. Ke3 Kf6
40. h5 Kg5 41. Re7 Kf6 42. Ra7 Kg5 43. Rxa5 f4+ 44. Kf2 Rb8 45. b4 Rd8 46. c4
Kg4 47. cxd5 Bxd5 48. Rxd5 1-0

[Event "Open SSC Rostock 07 - 2009"]
[Site "Rostock"]
[Date "2009.08.30"]
[Round "7.18"]
[White "Nielsen, Jorgen Kamp"]
[Black "Kopischke, Maik"]
[Result "0-1"]
[WhiteElo "1711"]
[BlackElo "1899"]
[PlyCount "52"]
[EventDate "2009.08.27"]
[EventType "swiss"]
[EventRounds "7"]
[EventCountry "GER"]
[Source "Th. Schwetlick"]
[SourceDate "2009.08.27"]
[WhiteTeam "Skakklubben K41"]
[BlackTeam "SC Zugzwang 95"]

1. e4 d5 2. exd5 Qxd5 3. Nc3 Qa5 4. d4 Nf6 5. Bd2 c6 6. Bc4 Bf5 7. Nf3 e6 8. a3
Be7 9. Nd5 Qd8 10. Nxe7 Qxe7 11. O-O Qc7 12. Ne5 Nbd7 13. f4 Nb6 14. Bb3 Nbd5
15. g4 Bg6 16. f5 exf5 17. c4 Ne7 18. Bf4 Qd8 19. d5 Qb6+ 20. Kh1 fxg4 21. Re1
Be4+ 22. Rxe4 Nxe4 23. Nxg4 f5 24. Be3 Qc7 25. Qd4 O-O-O 26. Ne5 c5 0-1

[Event "Open SSC Rostock 07 - 2009"]
[Site "Rostock"]
[Date "2009.08.30"]
[Round "7.19"]
[White "Henselin, Frank"]
[Black "Schreiber, Nico"]
[Result "1-0"]
[WhiteElo "1434"]
[BlackElo "1844"]
[PlyCount "91"]
[EventDate "2009.08.27"]
[EventType "swiss"]
[EventRounds "7"]
[EventCountry "GER"]
[Source "Th. Schwetlick"]
[SourceDate "2009.08.27"]
[WhiteTeam "SAV Torgelow-Droegeheide"]
[BlackTeam "SC Mecklenburger Springer"]

1. e4 b6 2. d4 Bb7 3. Nc3 e6 4. a3 Nf6 5. Bg5 Be7 6. Bxf6 Bxf6 7. f4 g6 8. Nf3
O-O 9. Qd2 d6 10. O-O-O Re8 11. h4 h5 12. Bc4 a6 13. Ng5 d5 14. Be2 dxe4 15.
Qe3 Kg7 16. Ncxe4 Bxg5 17. Nxg5 Qe7 18. Bf3 Bxf3 19. Qxf3 Nd7 20. Rhe1 Qf6 21.
g3 Rac8 22. Qc3 c5 23. Ne4 Qe7 24. d5+ e5 25. fxe5 Qxe5 26. Nd6 Qxc3 27. Nxe8+
Rxe8 28. bxc3 Kf8 29. Rxe8+ Kxe8 30. Re1+ Kd8 31. Kd2 b5 32. Kd3 Nb6 33. Rf1
Nc4 34. a4 Ke7 35. axb5 axb5 36. Rb1 Kd6 37. Rxb5 Kxd5 38. Rb7 Nd6 39. Ra7 Nc4
40. Ke2 Nd6 41. Kf3 Ke5 42. c4 Kd4 43. Rd7 Ke5 44. c3 f6 45. Rc7 Ne8 46. Re7+
1-0

[Event "Open SSC Rostock 07 - 2009"]
[Site "Rostock"]
[Date "2009.08.30"]
[Round "7.20"]
[White "Bardosch, Konstantin"]
[Black "Worm, Alfred"]
[Result "0-1"]
[WhiteElo "1350"]
[BlackElo "1841"]
[PlyCount "60"]
[EventDate "2009.08.27"]
[EventType "swiss"]
[EventRounds "7"]
[EventCountry "GER"]
[Source "Th. Schwetlick"]
[SourceDate "2009.08.27"]
[WhiteTeam "SSC Rostock 07"]
[BlackTeam "SSC Rostock 07"]

1. d4 Nf6 2. c4 e5 3. e3 exd4 4. exd4 d5 5. Nc3 Bb4 6. Bd2 O-O 7. c5 Re8+ 8.
Be2 Bg4 9. Qb3 Nc6 10. a3 Nxd4 11. Qd1 Bxc3 12. Bxc3 Nxe2 13. Nxe2 Rxe2+ 14.
Qxe2 Bxe2 15. Kxe2 d4 16. Rhd1 Qe7+ 17. Kf1 dxc3 18. bxc3 Qxc5 19. Rab1 Ng4 20.
Rb2 h6 21. h3 Qxa3 22. Rbd2 Nf6 23. f3 Re8 24. Rd8 Rxd8 25. Rxd8+ Kh7 26. g4
Qxc3 27. Kg2 a5 28. h4 Qe5 29. Ra8 Qf4 30. Ra7 b5 0-1